Inovácie v poistení a riadení rizík diplomová práca

Gespeichert in:
Bibliographische Detailangaben
1. Verfasser: Takácsová, Laura
Körperschaft: Národohospodárska fakulta EU. Katedra poisťovníctva
Weitere Verfasser: Ondruška, Tomáš, 1988-
Format: Buch
Sprache:Slowakisch
Veröffentlicht: Bratislava 2024
Tags: Tag hinzufügen
Keine Tags, Fügen Sie das erste Tag hinzu!

MARC

LEADER 00000nbm a2200000 4500
001 0309134
005 20251021111710.9
041 0 |a slo 
044 |a SK 
245 1 0 |a Inovácie v poistení a riadení rizík  |b diplomová práca  |c Laura Takácsová ; školiteľ: Tomáš Ondruška 
264 1 |a Bratislava  |c 2024 
300 |a 77 s. 
100 1 |a Takácsová, Laura 
700 1 |a Ondruška, Tomáš, 1988- 
710 2 |a Národohospodárska fakulta EU. Katedra poisťovníctva